Segmentácia obrazov sietnice poškodenej diabetickou retinopatiou

Saved in:
Bibliographic Details
Main Author: Machata, Matúš (Author)
Other Authors: Pavlovičová, Jarmila (Thesis advisor)
Format: Manuscript Book
Language:Slovak
Published: 2025
Subjects:
Online Access:http://is.stuba.sk/zp/portal_zp.pl?podrobnosti=184494
Tags: Add Tag
No Tags, Be the first to tag this record!

MARC

LEADER 00000ntm a22000003a 4500
001 stuzp102270
003 SK-STU
005 20250614211111.1
007 ta
008 150427s2015----xo-----f-mn---000-0-slo-d
040 |a STU  |b slo 
041 0 |a slo 
100 1 |a Machata, Matúš  |u 031000  |4 aut  |U FEI Fakulta elektrotechniky a informatiky  |T FEI Ústav robotiky a kybernetiky  |X 103038  |U E011  |Y 356  |7 103038 
242 0 1 |a Segmentation of Retinal Images Damaged by Diabetic Retinopathy  |y eng 
245 1 0 |a Segmentácia obrazov sietnice poškodenej diabetickou retinopatiou 
260 |c 2025 
650 4 |a Diabetic retinopathy  |2 eng 
650 4 |a Image segmentation  |2 eng 
650 4 |a Hard and soft exudates  |2 eng 
650 4 |a Segmentácia obrazov  |2 slo 
650 4 |a Tvrdé a mäkke exudáty  |2 slo 
650 4 |a Diabetická retinopatia  |2 slo 
700 1 |a Pavlovičová, Jarmila  |u 031000  |k Z1  |4 ths  |U FEI Fakulta elektrotechniky a informatiky  |T FEI Ústav robotiky a kybernetiky  |X 1872  |U E011  |Y 356  |7 A000001872 
856 4 |u http://is.stuba.sk/zp/portal_zp.pl?podrobnosti=184494